[Event "Helsinki-ch "]
[Site "Helsinki"]
[Date "1996.??.??"]
[Round "?"]
[White "Laine, Heikki"]
[Black "Vaatainen, Timo"]
[Result "1/2-1/2"]
[WhiteElo "2220"]
[BlackElo "2260"]

1.d4 f5 2.g3 Nf6 3.Bg2 g6 4.Nf3 Bg7 5.O-O O-O 6.c4 d6 7.d5 Bd7 8.Nc3 Qe8
9.Qb3 b6 10.Rd1 Na6 11.Nd4 Nc5 12.Qc2 a6 13.Rb1 Rb8 14.Nc6 Bxc6 15.dxc6 e5
16.Bg5 Ne6 17.Bxf6 Bxf6 18.e3 e4 19.f3 Bxc3 20.Qxc3 Ng5 21.f4 Ne6 22.g4 Ng7
23.gxf5 Nxf5 24.Rd5 Qe7 25.Kh1 Qh4 26.Qe1 Qxe1+ 27.Rxe1 Rbe8 28.Rd2 Nh4 29.Rd4 Nxg2
30.Kxg2 Rf5 31.Rd5 Kf7 32.Red1 Ke6 33.R1d4 Kf6 34.b4 Rxd5 35.Rxd5 Rb8 36.a4 Ra8
37.Kg3 a5 38.b5 Re8 39.h4 h5 40.Rg5 Re6 41.f5 gxf5 42.Kf4 Re5 43.Rxh5 Rc5
44.Rg5 Rxc4 45.Rxf5+ Ke6 46.Rh5 Rxa4 47.Rh6+ Kd5 48.Rh7 Kc5 49.Rxc7 Kxb5
50.h5 Ra1 51.h6 Rh1 52.Kg5 a4 53.Kg6 a3 54.h7 d5 55.Ra7 Kxc6 56.Rxa3 Rg1+
57.Kf6 Rh1 58.Ra7 d4 59.exd4 e3 60.Re7 Kd5 61.Kg7 Kxd4 62.h8=Q Rxh8 63.Kxh8  1/2-1/2

[Event "FIN-ch"]
[Site "Helsinki"]
[Date "1996.??.??"]
[Round "9"]
[White "Tella, Jussi"]
[Black "Pyhala, Antti"]
[Result "1/2-1/2"]
[WhiteElo "2310"]
[BlackElo "2330"]

1.d4 g6 2.Nf3 f5 3.g3 Nf6 4.Bg2 Bg7 5.O-O O-O 6.c4 d6 7.Nc3 c6 8.b3 a5 9.Bb2 Na6
10.Qd2 Qc7 11.d5  1/2-1/2

[Event "ROM-ch"]
[Site "Herculane"]
[Date "1996.??.??"]
[Round "2"]
[White "Marin, Mihail"]
[Black "Mateuta, Gabriel"]
[Result "1-0"]
[WhiteElo "2530"]
[BlackElo "2265"]

1.Nf3 g6 2.c4 f5 3.g3 Nf6 4.Bg2 Bg7 5.O-O O-O 6.d4 d6 7.Nc3 Nc6 8.d5 Na5
9.Qa4 c5 10.dxc6 bxc6 11.c5 dxc5 12.Rd1 Qb6 13.Ne5 Be6 14.Be3 Rac8 15.Qa3 Qb4
16.Bxc5 Qxa3 17.Bxa3 c5 18.Rac1 Nc4 19.Nxc4 Bxc4 20.b3 Bf7 21.Nd5 Nxd5 22.Bxd5 Rfd8
23.Bxf7+ Kxf7 24.Rxd8 Rxd8 25.Rc2 c4 26.bxc4 Rc8 27.Kg2 Bd4 28.Bb4 e5 29.e3 Bc5
30.a3 Ke6 31.Kf3 g5 32.g4 e4+ 33.Kg3 a5 34.gxf5+ Kxf5 35.Bxc5 Rxc5 36.h4 a4
37.h5 h6 38.Rc1 Kf6 39.Kg4 Ke5 40.Rb1 Rxc4 41.Rb5+ Kf6 42.Rb6+ Kg7 43.Rg6+ Kh7
44.Ra6 Kg7 45.Ra7+ Kf8 46.Kf5 Rc2 47.Rxa4 Rxf2+ 48.Kg6 g4 49.Rxe4 g3 50.Kxh6 Rf1
51.Rg4 Rf3 52.e4 Rxa3 53.Kg6 Ra6+ 54.Kf5 Rh6 55.Kg5 Re6 56.h6 Re5+ 57.Kf6 Re7
58.Rxg3 Ra7 59.e5 Rf7+ 60.Kg6  1-0

[Event "NLD-chT9697"]
[Site "Holland"]
[Date "1996.??.??"]
[Round "?"]
[White "Van Gisbergen, Stan"]
[Black "Meulders, Richard"]
[Result "1-0"]
[WhiteElo "2270"]
[BlackElo "2295"]

1.d4 f5 2.g3 Nf6 3.Bg2 g6 4.Nf3 Bg7 5.O-O O-O 6.c4 d6 7.Nc3 c6 8.d5 Bd7 9.Rb1 Na6
10.b3 Qe8 11.Bb2 Nc7 12.Re1 c5 13.e4 fxe4 14.Ng5 h6 15.Ngxe4 Qf7 16.Qd2 g5
17.Nd1 Nce8 18.Ne3 Ng4 19.Nxg4 Bxg4 20.Re3 Qh5 21.Rbe1 Rf7 22.h3 Bxh3 23.g4 Bxg4
24.Ng3 Qh4 25.Rxe7 Nf6 26.Rxf7 Kxf7 27.Bxf6 Bxf6 28.Qd3 Rf8 29.Qh7+ Bg7 30.Re4 Kf6
31.Re3 Rd8 32.Be4 Kf7 33.Bg6+ Kf8 34.Re7  1-0

[Event "HUN-chT2 9596"]
[Site "HUN"]
[Date "1996.??.??"]
[Round "9"]
[White "Letreguilly, Olivier"]
[Black "Supolo, Jozsef"]
[Result "0-1"]
[WhiteElo "2300"]
[BlackElo "2230"]

1.d4 f5 2.Nf3 Nf6 3.g3 g6 4.Bg2 Bg7 5.O-O O-O 6.c4 d6 7.Nc3 Qe8 8.b3 c6 9.Bb2 Na6
10.Qc1 Nc7 11.Qc2 Kh8 12.Rad1 Rb8 13.Ne1 b5 14.Nd3 b4 15.Nb1 a5 16.Nd2 Ba6
17.e4 fxe4 18.Nxe4 Nxe4 19.Bxe4 d5 20.Bg2 dxc4 21.bxc4 Qf7 22.Ne5 Bxe5 23.dxe5 Qxc4
24.e6+ Kg8 25.Qd2 Nb5 26.Rc1 Qxa2 27.Bxc6 Rbd8 28.Bd7 Qb3 29.Rfe1 Qf3 30.Re3 Qf5
31.Re5 Qf3 32.Re3 Qf5 33.Re5 Qf3 34.Qd5 Qxf2+ 35.Kh1 Qxb2  0-1

[Event "HUN-chT1 9596"]
[Site "HUN"]
[Date "1996.??.??"]
[Round "12"]
[White "Seres, Lajos"]
[Black "Fusthy, Zsolt"]
[Result "1-0"]
[WhiteElo "2430"]
[BlackElo "2300"]

1.d4 f5 2.g3 Nf6 3.Bg2 g6 4.Nf3 Bg7 5.O-O O-O 6.c4 d6 7.Nc3 Nc6 8.d5 Na5
9.Qd3 e5 10.dxe6 Bxe6 11.b3 Nc6 12.Ba3 Ng4 13.Rad1 Rb8 14.Nd5 Nge5 15.Nxe5 Nxe5
16.Qc2 b6 17.Rd2 Kh8 18.Rfd1 Bxd5 19.cxd5 f4 20.Qe4 fxg3 21.hxg3 Qf6 22.Rf1 Rbe8
23.Rc2 Re7 24.Bc1 Rfe8 25.Qf4 Rf7 26.Qxf6 Bxf6 27.Bh3 g5 28.Bf5 Rg7 29.Kg2 Bd8
30.g4 Ng6 31.Bb2 Ne5 32.e3 Bf6 33.Kh3 Ree7 34.Rb1 Rgf7 35.Be6 Rf8 36.Bf5 Bg7
37.Rbc1 Rff7 38.Kg2 Bf6 39.f4 gxf4 40.exf4 Nd7 41.Be6 Rg7 42.Rxc7  1-0

[Event "HUN-chT1 9697"]
[Site "Hungary"]
[Date "1996.??.??"]
[Round "2"]
[White "Prokopisin, Vasily"]
[Black "Seres, Lajos"]
[Result "0-1"]
[WhiteElo "2340"]
[BlackElo "2440"]

1.Nf3 f5 2.d4 Nf6 3.g3 g6 4.Bg2 Bg7 5.O-O O-O 6.c4 d6 7.Nc3 Nc6 8.Qc2 e5
9.dxe5 dxe5 10.Rd1 Qe8 11.Nd5 e4 12.Nxc7 Qf7 13.Nxa8 exf3 14.Bxf3 Be6 15.b3 Nb4
16.Qd2 Ne4 17.Qxb4 Bxa1 18.Bh6 Bg7 19.Bxg7 Kxg7 20.Nb6 axb6 21.Qxb6 Bc8 22.h4 Qe6
23.Qe3 Qf6 24.Rd4 Nc5 25.Rd5 Ne6 26.Rd6 f4 27.Qb6 fxg3 28.fxg3 Qe5 29.Kg2 Rf6
30.Kh2 g5 31.Rd5 Qb2 32.Qe3 gxh4 33.gxh4 Qxa2 34.Re5 Qa1 35.Bd5 Qf1 36.Bf3 Rf4
37.Rh5 Qa1 38.Qd3 h6 39.Qd6 Qf6 40.Kg3 Qg6+  0-1

[Event "HUN-chT1 9697"]
[Site "Hungary"]
[Date "1996.??.??"]
[Round "6"]
[White "Peter, Ambrus"]
[Black "Seres, Lajos"]
[Result "0-1"]
[WhiteElo "2415"]
[BlackElo "2440"]

1.d4 f5 2.Nf3 Nf6 3.g3 g6 4.Bg2 Bg7 5.O-O O-O 6.c4 d6 7.Nc3 Nc6 8.d5 Ne5
9.Nxe5 dxe5 10.Qb3 Kh8 11.c5 h6 12.Qc4 g5 13.b4 e6 14.e4 exd5 15.exd5 e4
16.Bb2 Nxd5 17.Rad1 Be6 18.Nxd5 Bxb2 19.Qc2 Bxd5 20.Qxb2+ Kg8 21.f3 c6 22.Qe5 Qe8
23.Rxd5 cxd5 24.Qxd5+ Rf7 25.fxe4 Rd8 26.Qc4 fxe4 27.Bxe4 Kf8 28.Rxf7+ Qxf7
29.Qxf7+ Kxf7 30.Bxb7 Ke7 31.c6 Rd1+ 32.Kf2 Kd6 33.a4 Rd4 34.b5 Rxa4 35.Kf3 g4+
36.Kg2 Ra5 37.Ba6 Rxa6 38.bxa6 Kxc6 39.h3 h5 40.hxg4 hxg4  0-1

[Event "Karditsa"]
[Site "Karditsa"]
[Date "1996.??.??"]
[Round "8"]
[White "Alterman, Boris"]
[Black "Grivas, Efstratios"]
[Result "1-0"]
[WhiteElo "2585"]
[BlackElo "2475"]

1.d4 f5 2.Nf3 Nf6 3.c4 g6 4.g3 Bg7 5.Bg2 O-O 6.O-O d6 7.Nc3 Qe8 8.d5 Na6
9.Rb1 Bd7 10.b4 c6 11.dxc6 Bxc6 12.Qb3 Ne4 13.Bb2 Bxc3 14.Bxc3 Nxc3 15.Qxc3 Rc8
16.Rfc1 Nc7 17.c5 dxc5 18.Qxc5 Be4 19.Ra1 Nd5 20.Qxa7 Nxb4 21.Qb6 Nc2 22.Rab1 Rf6
23.Qb3+ Kg7 24.Qb2 Qa4 25.Qe5 Qd7 26.Ng5 Bxg2 27.Kxg2 h6 28.Nf3 Rc4 29.Kg1 Na3
30.Rd1 Qc7 31.Rb3 Nc2 32.Qb2 Qc5 33.Ne5 Rd4 34.Nd3 Qc6 35.Rc3 Rc4 36.Rxc4 Qxc4
37.Rc1  1-0

[Event "IND-ch"]
[Site "Kasaragod"]
[Date "1996.??.??"]
[Round "10"]
[White "Mishra, Neeraj Kumar"]
[Black "Babu, N Sudhakar"]
[Result "1/2-1/2"]
[WhiteElo "2390"]
[BlackElo "2445"]

1.d4 f5 2.c4 Nf6 3.Nf3 g6 4.g3 Bg7 5.Bg2 O-O 6.O-O d6 7.d5 c6 8.Nc3 e5 9.dxe6 Bxe6
10.b3 Na6 11.Ng5 Bc8 12.Bb2 h6 13.Nf3 Be6 14.Qd2 d5 15.cxd5 Nxd5 16.Nxd5 Bxd5
17.Bxg7 Kxg7 18.Rad1 Qf6 19.Nd4 Bxg2 20.Kxg2 Rad8 21.Qc3 Kh7 22.Qc4 Rd5 23.Nf3 Rfd8
24.Rxd5 Rxd5 25.e4 fxe4 26.Qxe4 Nc5 27.Qe3 Rd3 28.Qe2 Rd6 29.Re1 Re6 30.Qc4 Rxe1
31.Nxe1 b6  1/2-1/2

[Event "Kfar Saba"]
[Site "Kfar Saba"]
[Date "1996.??.??"]
[Round "?"]
[White "Alterman, Boris"]
[Black "Amit, Yaron"]
[Result "1-0"]
[WhiteElo "2590"]
[BlackElo "2190"]

1.d4 f5 2.c4 Nf6 3.Nf3 g6 4.g3 Bg7 5.Bg2 O-O 6.O-O d6 7.Nc3 Qe8 8.d5 Na6
9.Rb1 c5 10.dxc6 bxc6 11.b4 Bd7 12.b5 cxb5 13.cxb5 Nc5 14.a4 Nce4 15.Nxe4 Nxe4
16.Bb2 Qf7 17.Bxg7 Qxg7 18.Rc1 Rac8 19.Rxc8 Rxc8 20.Qd5+ e6 21.Qb7 Nc3 22.Qxa7 Rc4
23.b6 Bc6 24.Qxg7+ Kxg7 25.Nd2 Nxe2+ 26.Kh1 Bxg2+ 27.Kxg2 Rc8 28.a5 Nd4 29.a6  1-0

[Event "SLO-ch U18"]
[Site "Kranj"]
[Date "1996.??.??"]
[Round "5"]
[White "Starcic, Tadej"]
[Black "Jelen, A."]
[Result "1/2-1/2"]
[WhiteElo "1895"]
[BlackElo "1810"]

1.d4 f5 2.g3 Nf6 3.Bg2 g6 4.c4 Bg7 5.Nf3 O-O 6.O-O d6 7.Nc3 c6 8.Re1 Ne4
9.Qc2 Qa5 10.Be3 Nxc3 11.bxc3 e5 12.Bg5 Qc7 13.Bc1 Be6 14.d5 Bf7 15.Ng5 Nd7
16.Nxf7 Rxf7 17.Bb2 Nb6 18.Qb3 cxd5 19.cxd5 Nc4 20.e4 fxe4 21.Bxe4 Rc8 22.Rac1 Qa5
23.Rc2 Rfc7 24.Ree2 Bh6 25.Bc1 Bxc1 26.Rxc1 Nb6 27.Rec2 Rc5 28.c4 R5c7 29.Bg2 Rf8
30.c5 Rxc5 31.Rxc5 dxc5 32.Qe3 Qxa2 33.Bh3 Qxd5 34.Rxc5 Qd4 35.Rxe5 Qxe3
36.Rxe3 Kg7 37.Ra3 Nc8 38.Bxc8 Rxc8 39.Rxa7 Rb8 40.f4 Kf6 41.Kf2 Ke6 42.Ke3 Kd5
43.Kd3 Kc6 44.Kc4 Rd8 45.Kc3 Rd7 46.Ra2 b5 47.Re2 Rb7 48.Kb4 Kd6 49.Re5 Kc6
50.Re6+ Kd5 51.Re5+ Kd6 52.Re2 Kd5  1/2-1/2

[Event "Lisboa Masters"]
[Site "Lisboa"]
[Date "1996.??.??"]
[Round "5"]
[White "Santos, Jose P"]
[Black "Cordovil, Joao"]
[Result "1/2-1/2"]
[WhiteElo "2355"]
[BlackElo "2310"]

1.d4 f5 2.Nf3 Nf6 3.g3 g6 4.Bg2 Bg7 5.O-O O-O 6.c4 d6 7.Nc3 Nc6 8.d5 Ne5
9.Nxe5 dxe5 10.Qb3 e6 11.Be3 exd5 12.cxd5 Rf7 13.Rac1 Bf8 14.Na4 Bd6 15.Nc5 Qe8
16.Nxb7 Bxb7 17.Qxb7 Rb8 18.Qa6 Rxb2 19.Rb1 Rb6 20.Qxa7 Rxb1 21.Rxb1 Kg7
22.Qa6 f4 23.Ba7 g5 24.Qc6 Qe7 25.a4 Nd7 26.a5 h5 27.a6 Rf8 28.e4 Kh7 29.f3 Nb6
30.Bxb6 cxb6 31.Bh3 g4 32.fxg4 fxg3 33.gxh5 Qh4 34.Qxd6 gxh2+ 35.Kh1 Qxe4+
36.Kxh2 Qf4+ 37.Kh1 Qe4+ 38.Kh2 Qf4+ 39.Kh1 Qe4+  1/2-1/2

[Event "Ljubljana op"]
[Site "Ljubljana"]
[Date "1996.??.??"]
[Round "3"]
[White "Savchenko, Stanislav"]
[Black "Varga, Mariano"]
[Result "1-0"]
[WhiteElo "2585"]
[BlackElo "2275"]

1.d4 f5 2.c4 Nf6 3.Nf3 g6 4.g3 Bg7 5.Bg2 O-O 6.O-O d6 7.Nc3 Nc6 8.d5 Na5
9.Qa4 c5 10.dxc6 Nxc6 11.Rd1 Qa5 12.Qb3 Qb4 13.Qxb4 Nxb4 14.Nd4 Rb8 15.b3 Bd7
16.Bb2 Rfc8 17.e3 Kf7 18.Rac1 a6 19.h3 Ne4 20.Nxe4 fxe4 21.Ba3 Nc6 22.Kh2 Rf8
23.Bxe4 Ke8 24.Kg2 Nxd4 25.exd4 Bf5 26.Bxf5 Rxf5 27.Rc2 Kd7 28.Bc1 Rbf8 29.Be3 Rc8
30.g4 Rf7 31.b4 b5 32.c5 d5 33.a4 Rf6 34.axb5 axb5 35.Ra1 Rfc6 36.f4 Re6
37.Kf3 Re4 38.Ra7+ Kc6 39.Rca2 Rc7 40.R7a6+ Kd7 41.Rb6 Bxd4 42.Bxd4 Rxd4
43.Rxb5 Rd3+ 44.Kg2 Rd4 45.Kg3 Rd3+ 46.Kh4 d4 47.Rb8 Rf3 48.Raa8 Rxf4 49.Rd8+ Ke6
50.Ra6+ Ke5 51.c6 d3 52.Ra5+ Ke4 53.b5 Ke3 54.Ra1 Rb4 55.Re1+ Kf2 56.Re5 Rb3
57.Rd7 Rc8 58.Rdxe7 d2 59.Rf7+ Rf3 60.Rd7  1-0

[Event "London"]
[Site "London"]
[Date "1996.??.??"]
[Round "5"]
[White "Richardson, John R"]
[Black "Wall, Tim"]
[Result "1-0"]
[WhiteElo "2280"]
[BlackElo "2250"]

1.d4 g6 2.c4 f5 3.Nf3 Nf6 4.g3 Bg7 5.Bg2 O-O 6.O-O d6 7.Nc3 Nc6 8.d5 Ne5
9.Nd2 c5 10.f4 Nf7 11.e4 Ne8 12.exf5 gxf5 13.Qc2 Nc7 14.Nf3 a6 15.b3 b5 16.Bb2 bxc4
17.bxc4 Rb8 18.Nd1 Bxb2 19.Nxb2 e5 20.fxe5 dxe5 21.Na4 Qd6 22.Nh4 Nh6 23.Qf2 Rb4
24.Qxc5 Qxc5+ 25.Nxc5 Rxc4 26.Rac1 Rxc1 27.Rxc1 Nf7 28.Na4 Na8 29.d6 e4 30.Rd1 Rd8
31.Bh3 Rxd6 32.Rc1 Bd7 33.Nc5 Ng5 34.Nxd7 Nxh3+ 35.Kg2 Rxd7 36.Kxh3 Nc7 37.Nxf5 Nd5
38.Kg4 Kf7 39.Rc6 Nb4 40.Rb6 Nxa2 41.Rxa6 Nc3 42.Kf4 Rc7 43.g4 Nd5+ 44.Ke5 Ne7
45.Nd6+ Kg6 46.Nxe4+ Rc6 47.Ra7 Nc8 48.Rb7 Rc4 49.Rd7 h5 50.g5 h4 51.Rd8 Kg7
52.Rd3 Rc2 53.Kf5 Ne7+ 54.Ke6 Re2 55.Rd4 Nc6 56.Rc4 h3 57.Rxc6 Rxe4+ 58.Kf5 Re2
59.Rc7+ Kf8 60.Rc8+ Kg7 61.Rc7+ Kf8 62.Kf6 Rf2+ 63.Kg6 Rxh2 64.Rc8+ Ke7 65.Rh8 Rh1
66.Kg7 Rg1 67.g6 Rg3 68.Rh6 Ke8 69.Kh7 Ke7 70.Kg8 h2 71.g7 Rg2 72.Kh8 Kf7
73.Rh7  1-0

[Event "Mar del Plata op"]
[Site "Mar del Plata"]
[Date "1996.??.??"]
[Round "4"]
[White "Vescovi, Giovanni"]
[Black "Rodriguez, Andres"]
[Result "1-0"]
[WhiteElo "2475"]
[BlackElo "2575"]

1.d4 f5 2.Nf3 Nf6 3.c4 g6 4.g3 Bg7 5.Bg2 O-O 6.O-O d6 7.Nc3 Nc6 8.d5 Na5
9.Nd2 c5 10.a3 Bd7 11.Qc2 Qc7 12.b3 Rab8 13.Bb2 a6 14.e3 b5 15.cxb5 axb5
16.Ne2 Rfc8 17.Rac1 Qd8 18.Nf4 Qe8 19.Ne6 Bxe6 20.dxe6 c4 21.b4 Nc6 22.e4 f4
23.Nf3 fxg3 24.hxg3 Nd8 25.e5 dxe5 26.Bxe5 Rb6 27.Nd4 Kh8 28.Rfe1 Qg8 29.a4 bxa4
30.Qxa4 Ng4 31.Bxg7+ Qxg7 32.Qe8+ Qg8 33.Qxe7 Rbb8 34.b5 c3 35.Bf3 Rc4 36.Qd6  1-0

[Event "Mar del Plata op"]
[Site "Mar del Plata"]
[Date "1996.??.??"]
[Round "6"]
[White "Loiterstein, Mariano"]
[Black "Rodriguez, Andres"]
[Result "1/2-1/2"]
[WhiteElo "2265"]
[BlackElo "2575"]

1.d4 f5 2.Nf3 Nf6 3.g3 g6 4.Bg2 Bg7 5.O-O O-O 6.c4 d6 7.Nc3 c6 8.Qc2 Na6
9.a3 Nc7 10.b3 Qe8 11.e4 fxe4 12.Nxe4 Nxe4 13.Qxe4 Bf5 14.Qe3 b5 15.Bd2 bxc4
16.bxc4 Rb8 17.Nh4 Bd7 18.Rab1 Qf7 19.Rxb8 Rxb8 20.Rc1 Bf6 21.Nf3 Qg7 22.Ba5 Rb7
23.Re1 Qf7 24.Nd2 Ne8 25.h3 Ng7 26.g4 h5 27.Bf3 hxg4 28.hxg4 Ne6 29.d5 Nd4
30.dxc6 Bxc6 31.Be4 Rb8 32.Bc3 Qg7 33.Bxc6 Nxc6 34.Bxf6 Qxf6 35.Nf3 Rf8 36.Kg2 Qf4
37.Qe4 Qxe4 38.Rxe4 Rb8 39.Re3 Rb2 40.Rc3 a5 41.c5 d5 42.Rd3 e6 43.Re3 Kf7
44.Ng5+ Kf6 45.Rxe6+ Kxg5 46.Rxc6 Ra2 47.Rd6  1/2-1/2

[Event "SVK-ch"]
[Site "Martin"]
[Date "1996.??.??"]
[Round "9"]
[White "Krivoshey, Sergei"]
[Black "Vrana, Frantisek"]
[Result "1-0"]
[WhiteElo "2430"]
[BlackElo "2250"]

1.Nf3 g6 2.c4 f5 3.d4 Nf6 4.g3 Bg7 5.Bg2 O-O 6.O-O d6 7.Nc3 c6 8.d5 Qe8 9.Re1 Na6
10.Rb1 h6 11.Nd4 Bd7 12.e4 fxe4 13.Nxe4 Nxe4 14.Bxe4 Nc5 15.Bg2 Qf7 16.Be3 e5
17.dxe6 Nxe6 18.Qd2 Nxd4 19.Bxd4 Qxc4 20.Bxg7 Kxg7 21.Qxd6 Rf7 22.b3 Qc3
23.Re7 Bf5 24.Rxf7+ Kxf7 25.Qc7+ Kg8 26.Qxb7 Rf8 27.Rd1 Bg4 28.Rf1 Be2 29.Qxa7 Bxf1
30.Bxf1 c5 31.Qe7 Qf6 32.Qe3 Qd4 33.Bc4+ Kh7 34.Qe7+ Qg7 35.Qxc5 Rd8 36.Qc6 Qd4
37.Qf3 h5 38.Kg2 h4 39.a4 hxg3 40.hxg3 Qc5 41.Qf7+ Kh6 42.Qf4+ Kg7 43.Qe3 Qc6+
44.Qf3 Qc5 45.Qc3+ Rd4 46.a5  1-0

[Event "Wch U20"]
[Site "Medellin"]
[Date "1996.??.??"]
[Round "9"]
[White "Lauber, Arnd"]
[Black "Del Rio de Angeles, Gabriel"]
[Result "1-0"]
[WhiteElo "2380"]
[BlackElo "2325"]

1.d4 f5 2.Nf3 Nf6 3.g3 g6 4.Bg2 Bg7 5.O-O O-O 6.c4 d6 7.Nc3 c6 8.b3 Qa5 9.Rb1 Na6
10.a3 Bd7 11.b4 Qd8 12.Qb3 Kh8 13.d5 e5 14.dxc6 bxc6 15.Qa4 Nc7 16.c5 e4
17.Nd4 Ng4 18.cxd6 Ne8 19.Qd1 Qf6 20.e3 Nxd6 21.Na4 f4 22.Nc5 Bc8 23.Bb2 Nc4
24.Nxe4 Nxb2 25.Rxb2 Qd8 26.gxf4 Qh4 27.h3 Nh6 28.Ng5 Nf5 29.Ndf3 Qh6 30.Rd2 Ba6
31.Re1 Rae8 32.Qb3 Re7 33.Red1 Bf6 34.Rd8 Bc8 35.Ne5 Bxg5 36.fxg5 Qg7 37.Rxf8+ Qxf8
38.Nxc6 Re8 39.Qc3+  1-0

[Event "Wch U18"]
[Site "Menorca"]
[Date "1996.??.??"]
[Round "3"]
[White "Avrukh, Boris"]
[Black "Zitin, Yuri"]
[Result "1-0"]
[WhiteElo "2500"]
[BlackElo "2250"]

1.d4 f5 2.Nf3 Nf6 3.g3 g6 4.Bg2 Bg7 5.O-O O-O 6.c4 d6 7.Nc3 Na6 8.b3 Qe8
9.Ba3 c6 10.Qd3 Rb8 11.Nd2 Nc7 12.Rac1 Bd7 13.e4 fxe4 14.Ncxe4 Nxe4 15.Nxe4 Ne6
16.d5 Nd4 17.Rce1 Qc8 18.Bb2 c5 19.Ng5 Bf5 20.Qd2 Qd7 21.Ne6 Nxe6 22.dxe6 Qc8
23.Re3 b5 24.Bxg7 Kxg7 25.Bd5 Rf6 26.Qc3 b4 27.Qb2 g5 28.Rf3 Kg6 29.Re1 Qf8
30.a3 bxa3 31.Qxa3 Bc2 32.Rc3 Bf5 33.Qxa7 Rb4 34.Qc7 Bg4 35.f3 Bxf3 36.Rxf3 Rxf3
37.Be4+ Kh6 38.Bxf3 Qxf3 39.Qxe7 Qc3 40.Qf8+ Kg6 41.Qf7+ Kh6 42.Qf2  1-0

[Event "Wch U18"]
[Site "Menorca"]
[Date "1996.??.??"]
[Round "7"]
[White "Herraiz, Herminio"]
[Black "Kobalija, Mihail"]
[Result "1/2-1/2"]
[WhiteElo "2315"]
[BlackElo "2495"]

1.d4 f5 2.Nf3 Nf6 3.g3 g6 4.Bg2 Bg7 5.O-O O-O 6.c4 d6 7.d5 Na6 8.Nd4 Bd7
9.Nc3 Nc5 10.b3 a5 11.Ba3 Qe8 12.Rc1 Na6 13.Re1 Nb4 14.Bb2 c5 15.dxc6 bxc6
16.a3 Na6 17.e4 fxe4 18.Nxe4 Nxe4 19.Bxe4 Nc5 20.Bg2 Rb8 21.Bc3 e5 22.b4  1/2-1/2

[Event "Metz op"]
[Site "Metz"]
[Date "1996.??.??"]
[Round "?"]
[White "Mayer, J."]
[Black "Henris, Luc"]
[Result "1-0"]
[WhiteElo "2045"]
[BlackElo "2315"]

1.d4 f5 2.g3 Nf6 3.Bg2 g6 4.c4 Bg7 5.Nf3 O-O 6.O-O d6 7.Nc3 Qe8 8.d5 Na6
9.Nd4 Bd7 10.Rb1 c6 11.b3 Nc7 12.Bb2 c5 13.Nf3 h6 14.Qd3 g5 15.e3 Qh5 16.Qe2 f4
17.exf4 gxf4 18.Nh4 fxg3 19.hxg3 Qxe2 20.Nxe2 b5 21.Nf4 bxc4 22.bxc4 Rab8
23.Bc3 Ng4 24.Bxg7 Kxg7 25.Rfe1 Ne5 26.Rxb8 Rxb8 27.Nd3 Kf6 28.Nxe5 dxe5
29.Nf3 e4 30.Nd2 Bf5 31.Bxe4 Rb2 32.Bxf5 Rxd2 33.Bb1 Rd4 34.Rc1 Ne8 35.a4 Nd6
36.Ba2 Rd3 37.Bb1 Ra3 38.Kg2 Rxa4 39.Bd3 Ra3 40.Bf1 Nf5 41.Rb1 Nd4 42.Rb7 a5
43.Rc7 Nb3 44.Rc6+ Kf7 45.Be2 Ra2 46.Bh5+ Kg7 47.Rc7 Kf6 48.Rc6+ Kg7 49.Rc7 Kf8
50.Rc8+ Kg7 51.Rc7 Kf6 52.Rc6+ Ke5 53.Re6+ Kd4 54.Rxe7 Kxc4 55.d6 a4 56.Re2 Ra1
57.d7  1-0

[Event "Minsk"]
[Site "Minsk"]
[Date "1996.??.??"]
[Round "8"]
[White "Savchenko, Stanislav"]
[Black "Rustemov, Alexander"]
[Result "1/2-1/2"]
[WhiteElo "2585"]
[BlackElo "2495"]

1.d4 f5 2.c4 Nf6 3.Nf3 g6 4.g3 Bg7 5.Bg2 O-O 6.O-O d6 7.Nc3 Nc6 8.d5 Na5
9.Qa4 c5 10.dxc6 Nxc6 11.Rd1 Qa5 12.Qb3 Qb4 13.Qxb4 Nxb4 14.Nd4 Rb8 15.b3 Bd7
16.Bb2 a6 17.Rac1 Rfc8 18.e3 Kf7 19.h3 h6 20.Rd2 Nc6 21.Nce2 Ne4 22.Bxe4 fxe4
23.Nxc6 bxc6 24.Bxg7 Kxg7 25.Nc3 Bxh3 26.Nxe4 g5 27.f4 Bf5 28.Nc3 gxf4 29.exf4 Rg8
30.Kf2 Kf6 31.Re2 Rg6 32.Rh1 Rbg8 33.Re3 e6 34.Ne2 c5 35.Nc3 Ke7 36.Nb1 Kd7
37.Nd2 Kc7 38.Rg1 a5 39.Nf3 Rf6 40.Rge1 Bg4 41.Nd2 Rfg6 42.Ne4 Bf5 43.Nc3 Kc6
44.Rh1 Bg4 45.Rd3 Rf8 46.Ke1 h5 47.Rh2 Bf5 48.Re3 Rh8 49.Ne4 h4 50.Ng5 h3
51.Kf2 e5 52.Kf3 exf4 53.gxf4 a4 54.Kg3 Rg7 55.Rd2 a3 56.Re1 Rh6 57.Re8  1/2-1/2

[Event "Moscow Alekhine op"]
[Site "Moscow"]
[Date "1996.??.??"]
[Round "3"]
[White "Burmakin, Vladimir"]
[Black "Olenin, Nikolay"]
[Result "1-0"]
[WhiteElo "2535"]
[BlackElo "2380"]

1.d4 f5 2.g3 Nf6 3.Bg2 g6 4.Nf3 Bg7 5.O-O O-O 6.c4 d6 7.Nc3 Nc6 8.b3 a6 9.Qc2 Bd7
10.d5 Na5 11.Bb2 c5 12.e4 Ng4 13.exf5 Bxf5 14.Qe2 Rb8 15.Ng5 Ne5 16.Be4 Bg4
17.f3 Bd7 18.f4 Bg4 19.Qe1 Nf7 20.Bf3 Bxf3 21.Ne6 Bd4+ 22.Nxd4 cxd4 23.Rxf3 Ne5
24.Rf1 Nd3 25.Qe6+ Rf7 26.Ne4 Nc5 27.Nxc5 dxc5 28.Bc1 b5 29.f5 Qb6 30.Bf4 Rb7
31.d6 gxf5 32.Bh6 Qd8 33.Rxf5 exd6 34.Raf1  1-0

[Event "RUS-Cup2"]
[Site "Moscow"]
[Date "1996.??.??"]
[Round "3"]
[White "Notkin, Maksim"]
[Black "Olenin, Nikolay"]
[Result "1/2-1/2"]
[WhiteElo "2520"]
[BlackElo "2385"]

1.d4 f5 2.g3 Nf6 3.Bg2 g6 4.Nf3 Bg7 5.O-O O-O 6.c4 d6 7.Nc3 Nc6 8.d5 Na5
9.Qa4 c5 10.dxc6 bxc6 11.c5 d5 12.Ne5 Bd7 13.Nxd7 Nxd7 14.Nxd5 Nxc5 15.Nxe7+ Qxe7
16.Qxa5 Ne4 17.Qa4 c5 18.Be3 Rac8 19.Rab1 Rf7 20.Qc2 Qe6  1/2-1/2

[Event "Moscow Alekhine op"]
[Site "Moscow"]
[Date "1996.??.??"]
[Round "5"]
[White "Baikov, Vladimir A"]
[Black "Olenin, Nikolay"]
[Result "1/2-1/2"]
[WhiteElo "2520"]
[BlackElo "2380"]

1.d4 f5 2.Nf3 Nf6 3.g3 g6 4.Bg2 Bg7 5.O-O O-O 6.c4 d6 7.d5 a5 8.Nc3 Na6 9.Be3 Qe8
10.Qd2 Ng4 11.Bf4 Bd7 12.e4 Ne5 13.Nxe5 dxe5 14.Bh6 f4 15.Bxg7 Kxg7 16.gxf4 exf4
17.Ne2 Qf7 18.Qc3+ Kg8 19.f3 Nc5 20.Rad1 Qg7 21.e5 g5 22.b3 Rf5 23.e6 Be8
24.Qxg7+ Kxg7 25.Rfe1 Bg6 26.Nd4 Rff8 27.Bf1 h5 28.Rd2 g4 29.Kf2 Kf6 30.a3 Rg8
31.b4 axb4 32.axb4 Na6 33.Rb2 Bh7 34.Ne2 Raf8 35.c5 c6 36.dxc6 bxc6 37.Nxf4 Nc7
38.Nxh5+ Kg5 39.Re5+ Rf5 40.Rxf5+ Bxf5 41.Ng3 Bxe6 42.fxg4 Kxg4 43.Re2 Rh8
44.Kg1 Rh7 45.Bg2 Bd5 46.Ne4 Kf4 47.Nc3 Bxg2 48.Kxg2 e5 49.Ne4 Nd5 50.Ng3 Ne3+
51.Kg1 Rh8 52.Rf2+ Kg4 53.Rb2 Nd5 54.b5 cxb5 55.c6 Rb8 56.Rc2 Nc7 57.Kg2 b4
58.Rc4+ Kg5 59.h4+ Kf6 60.Ne4+ Kf5 61.Nd2 b3 62.Kf2 b2 63.Nb1 Rb3 64.Rc3 Rb4
65.Rf3+ Ke6 66.Rh3 Rc4 67.Rb3 Rxh4 68.Kg3 Rc4 69.Rxb2 Rxc6 70.Nd2 Kf5 71.Kf2 Ne6
72.Nf3 e4 73.Nd2 Nc5 74.Rb5 Kf4 75.Ke2 Rc8 76.Nxe4 Nxe4 77.Kd3 Rc3+ 78.Kd4 Rc8
79.Kd3  1/2-1/2

[Event "RUS-Cup2"]
[Site "Moscow"]
[Date "1996.??.??"]
[Round "7"]
[White "Malaniuk, Vladimir P"]
[Black "Vasiukov, Evgeni"]
[Result "1/2-1/2"]
[WhiteElo "2610"]
[BlackElo "2505"]

1.d4 f5 2.g3 g6 3.Bg2 Nf6 4.Nf3 Bg7 5.O-O O-O 6.c4 d6 7.Nc3 Qe8 8.d5 Na6
9.Rb1 Nc5 10.Nb5 Qd8 11.Nbd4 a5 12.Ng5 Bd7 13.Nh3 Qe8 14.Nf4 c6 15.b3 cxd5  1/2-1/2

[Event "Norrkoeping op"]
[Site "Norrkoeping"]
[Date "1996.??.??"]
[Round "2"]
[White "Renman, Nils Gustaf"]
[Black "Agrest, Evgenij"]
[Result "1/2-1/2"]
[WhiteElo "2375"]
[BlackElo "2485"]

1.d4 f5 2.Nf3 Nf6 3.c4 g6 4.g3 Bg7 5.Bg2 O-O 6.O-O d6 7.Nc3 c6 8.b3 Qa5 9.Bb2 e5
10.Qe1 Na6 11.dxe5 dxe5 12.e4 Re8 13.Nd5 Qxe1 14.Nxf6+ Bxf6 15.Nxe1 Nc5 16.exf5 Bxf5
17.Rd1 Bg7 18.Bc1 Ne6 19.Be3 Nd4 20.f3 Rad8 21.Rd2 a5 22.g4 Bc8 23.Nd3 Nxf3+
24.Bxf3 e4 25.Bg5 Rxd3 26.Rxd3 exd3 27.Rd1 h6 28.Bd2 a4 29.h3 axb3 30.axb3 g5
31.Kg2 Bd4 32.Bc1 c5 33.Rxd3 Re1 34.Rd1 Re7 35.Bd2 b6 36.Re1 Kf8 37.Rxe7 Kxe7
38.h4 Kf6 39.hxg5+ hxg5 40.Kg3 Be6 41.Bc6 Bf7 42.Kf3 Bg6 43.Be4 Be8 44.Bd3 Bd7
45.Bc1  1/2-1/2

[Event "SCO-ch"]
[Site "Oban"]
[Date "1996.??.??"]
[Round "7"]
[White "Grant, Jonathan"]
[Black "Robertson, Ian C"]
[Result "1-0"]
[WhiteElo "2265"]
[BlackElo "2220"]

1.c4 f5 2.Nf3 Nf6 3.g3 g6 4.Bg2 Bg7 5.O-O O-O 6.d4 d6 7.Nc3 Nc6 8.d5 Ne5
9.Nxe5 dxe5 10.e4 e6 11.Qb3 Qe7 12.Bd2 Kh8 13.Rfd1 f4 14.Nb5 a5 15.Qa3 Qf7
16.d6 Ne8 17.dxc7 Nxc7 18.Nd6 Qd7 19.Rac1 g5 20.Be1 Qe7 21.Rd3 b6 22.Qb3 Ba6
23.Rcd1 Rab8 24.a4 h5 25.Qc2 Kh7 26.b4 axb4 27.Bxb4 Rh8 28.Ba3 Qf6 29.Qd2 g4
30.gxf4 exf4 31.e5 Qxe5 32.Nf7 Qf5 33.Be4  1-0

[Event "Pamplona op"]
[Site "Pamplona"]
[Date "1996.??.??"]
[Round "?"]
[White "Ochoa de Echaguen, F Javier"]
[Black "Komljenovic, Davor"]
[Result "1/2-1/2"]
[WhiteElo "2410"]
[BlackElo "2475"]

1.d4 f5 2.Nf3 Nf6 3.g3 g6 4.Bg2 Bg7 5.O-O O-O 6.c4 d6 7.Nc3 c6 8.b3 Na6 9.Bb2 Bd7
10.d5 Qe8 11.Nd4 Nc7 12.Rc1 Rd8 13.b4 e5 14.dxe6 Nxe6 15.Nb3 Bc8 16.e3 d5  1/2-1/2